[Event "Chennai op 10th"]
[Site "Chennai"]
[Date "2018.01.19"]
[Round "2"]
[White "Krishna Raaju, J."]
[Black "Atalik, Suat"]
[Result "0-1"]
[WhiteElo "1551"]
[BlackElo "2538"]
[PlyCount "96"]
[EventDate "2018.01.18"]
[EventType "swiss"]
[EventRounds "10"]
[EventCountry "IND"]
[SourceTitle "CBM 183"]
[Source "ChessBase"]
[SourceDate "2018.03.14"]
[SourceVersion "1"]
[SourceVersionDate "2018.03.14"]
[SourceQuality "1"]

1. d4 d5 2. c4 c6 3. e3 Nf6 4. Bd3 e6 5. Nf3 Be7 6. 0-0 0-0 7. Nbd2 Nbd7 8. b3 b6 9. Bb2 Bb7 10. e4 dxe4 11. Nxe4 c5 12. Qc2 h6 13. Rad1 Qc7 14. dxc5 bxc5 15. Rfe1 Rad8 16. Qe2 Rfe8 17. Ng3 Qc6 18. Qf1 Qa6 19. Bb1 Bc6 20. Ne5 Nxe5 21. Bxe5 Qb7 22. f3 a5 23. Bc2 Qb4 24. a4 Kf8 25. Qe2 Rd7 26. Rxd7 Nxd7 27. Rd1 Nxe5 28. Qxe5 Qb8 29. Qxb8 Rxb8 30. Ne4 f5 31. Nc3 Rd8 32. Rxd8+ Bxd8 33. Nb5 Bf6 34. Kf2 Be5 35. g3 g5 36. Ke3 Ke7 37. Kf2 Kf6 38. h3 h5 39. Bd3 Bb2 40. Bc2 Ke5 41. Bd3 Bd4+ 42. Ke2 h4 43. g4 fxg4 44. fxg4 Bg2 45. Bg6 Bxh3 46. Kf3 Bf1 47. Be4 h3 48. Nxd4 Kxd4 0-1

[Event "IND-ch U13 31st"]
[Site "Jalandhar"]
[Date "2017.06.27"]
[Round "9"]
[White "Krishna Raaju, J."]
[Black "Pranesh, M."]
[Result "0-1"]
[WhiteElo "1689"]
[BlackElo "1797"]
[PlyCount "120"]
[EventDate "2017.06.21"]
[EventType "swiss"]
[EventRounds "11"]
[EventCountry "IND"]
[SourceTitle "CBM 179 Extra"]
[Source "ChessBase"]
[SourceDate "2017.08.23"]
[SourceVersion "1"]
[SourceVersionDate "2017.08.23"]
[SourceQuality "1"]

1. c4 Nf6 2. Nc3 e5 3. g3 Be7 4. Bg2 0-0 5. Nf3 d6 6. 0-0 c5 7. d3 Nc6 8. e3 Bg4 9. h3 Be6 10. b3 h6 11. Bb2 Qb6 12. Na4 Qc7 13. d4 e4 14. Nd2 cxd4 15. exd4 d5 16. cxd5 Bxd5 17. Nc3 Be6 18. Ndxe4 Nxe4 19. Nxe4 Rad8 20. Qc2 Qd7 21. d5 Bxd5 22. Qc3 f6 23. Rad1 Qf5 24. Qf3 Qxf3 25. Bxf3 Kh8 26. Bg2 f5 27. Nc3 Bxg2 28. Kxg2 Bf6 29. Na4 Be7 30. Rfe1 Kg8 31. a3 b5 32. Rc1 bxa4 33. Rxc6 Rd7 34. b4 f4 35. gxf4 Rxf4 36. Rg6 Bh4 37. Re2 Rdf7 38. f3 h5 39. Ree6 Kh7 40. Ra6 Rc4 41. Rac6 Rcf4 42. Ra6 R4f5 43. Bxg7 Rxg7 44. Rxg7+ Kxg7 45. Rxa7+ Kg6 46. Rxa4 Rd5 47. b5 Rd2+ 48. Kf1 Bd8 49. Ra6+ Kf5 50. Ra7 Kf4 51. Rf7+ Kg3 52. a4 Ba5 53. Rf6 Rf2+ 54. Kg1 Re2 55. Rg6+ Kxf3 56. b6 Rb2 57. Kh1 Bxb6 58. Rc6 Rb1+ 59. Kh2 Bg1+ 60. Kh1 Bf2+ 0-1